书目信息 |
| 题名: |
蒋百里
|
|
| 作者: | 蒋百里 著 | |
| 分册: | ||
| 出版信息: | 长春 吉林出版集团有限责任公司 2017 |
|
| 页数: | 185页 | |
| 开本: | 24cm | |
| 丛书名: | 中国学术名著丛书 | |
| 单 册: | ||
| 中图分类: | K503 , C955.313 | |
| 科图分类: | ||
| 主题词: | 文艺复兴--wen yi fu xing--研究--欧洲 , 民族性--min zu xing--研究--日本 | |
| 电子资源: | ||
| ISBN: | 978-7-5581-1770-1 | |
| 000 | 01336nam0 22003131 450 | |
| 001 | 0119171320 | |
| 005 | 20170619171320.0 | |
| 010 | @a978-7-5581-1770-1@dCNY29.80 | |
| 100 | @a20170328d2017 em y0chiy50 ea | |
| 101 | 0 | @achi |
| 102 | @aCN@b220000 | |
| 105 | @ay z 000yy | |
| 106 | @ar | |
| 200 | 1 | @a蒋百里@9jiang bai li@e欧洲文艺复兴史 日本人与日本论@f蒋百里著 |
| 210 | @a长春@c吉林出版集团有限责任公司@d2017 | |
| 215 | @a185页@d24cm | |
| 225 | 2 | @a中国学术名著丛书@9zhong guo xue shu ming zhu cong shu |
| 300 | @a典藏 | |
| 314 | @a版权页题:蒋百里著 | |
| 330 | @a本书系蒋百里20世纪初欧游“曙光”之结晶,系统介绍了英、法、德、意等欧洲各国在文艺复兴时期的政策与社会状况,书中提出的“人之发见,世界之发见”,正是民主、科学的生动注脚,符合时代精神。《日本人与日本论》一书从日本的自然条件、历史渊源说起,通过分析近现代日本的国际局势、经济困境、政党矛盾、阶级隔阂等,综观了日本社会的变迁,指出了日本民族精神上的空虚与矛盾。 | |
| 461 | 0 | @12001 @a中国学术名著丛书 |
| 517 | 1 | @a欧洲文艺复兴史 日本人与日本论@9ou zhou wen yi fu xing shi ri ben ren yu ri ben lun |
| 606 | 0 | @a文艺复兴@9wen yi fu xing@x研究@y欧洲 |
| 606 | 0 | @a民族性@9min zu xing@x研究@y日本 |
| 690 | @aK503@v5 | |
| 690 | @aC955.313@v5 | |
| 701 | 0 | @a蒋百里@9jiang bai li@4著 |
| 801 | 0 | @aCN@b百万庄@c20170617 |
| 905 | @b1012641-6@dK503@e38@f6 | |
| 蒋百里:欧洲文艺复兴史 日本人与日本论/蒋百里著.-长春:吉林出版集团有限责任公司,2017 |
| 185页;24cm.-(中国学术名著丛书) |
| 典藏 |
| ISBN 978-7-5581-1770-1:CNY29.80 |
| 本书系蒋百里20世纪初欧游“曙光”之结晶,系统介绍了英、法、德、意等欧洲各国在文艺复兴时期的政策与社会状况,书中提出的“人之发见,世界之发见”,正是民主、科学的生动注脚,符合时代精神。《日本人与日本论》一书从日本的自然条件、历史渊源说起,通过分析近现代日本的国际局势、经济困境、政党矛盾、阶级隔阂等,综观了日本社会的变迁,指出了日本民族精神上的空虚与矛盾。 |
| ● |
| 相关链接 |
|
|
|
|
正题名:蒋百里
索取号:K503/38
 
预约/预借
| 序号 | 登录号 | 条形码 | 馆藏地/架位号 | 状态 | 备注 |
| 1 | 1012641 | 210126415 | 第二样本阅览室/ [索取号:K503/38] | 在馆 | |
| 2 | 1012642 | 210126424 | 教育系资料室/ [索取号:K503/38] | 在馆 | |
| 3 | 1012643 | 210126433 | 教育系资料室/ [索取号:K503/38] | 在馆 | |
| 4 | 1012644 | 210126442 | 教育系资料室/ [索取号:K503/38] | 在馆 | |
| 5 | 1012645 | 210126451 | 第二借阅区/ [索取号:K503/38] | 在馆 | |
| 6 | 1012646 | 210126460 | 第二借阅区/ [索取号:K503/38] | 在馆 |